MARC

LEADER 00000nam0a2200000 4500
001 41801
005 20231031014710.0
010 |a 5318005861 
035 |a (RuTPU)RU\TPU\book\42943 
090 |a 41801 
100 |a 20020703d2002 m y0rusy50 ca 
101 0 |a rus 
102 |a RU 
105 |a a j 001zy 
200 1 |a Психоанализ  |e учебник  |f В. М. Лейбин 
210 |a СПб.  |c Питер  |d 2002 
215 |a 576 с.  |c ил. 
225 1 |a Учебник нового века 
320 |a Библиогр. в конце глав. 
320 |a Алф. указ. основных понятий: с. 574-576. 
610 1 |a психология 
610 1 |a психоанализ 
610 1 |a понятия 
610 1 |a теория 
610 1 |a методология 
610 1 |a сновидения 
610 1 |a бессознательное 
610 1 |a сексуальные отношения 
610 1 |a страх 
610 1 |a клинический психоанализ 
610 1 |a учебники 
610 1 |a религия 
610 1 |a неврозы 
610 1 |a регрессия 
610 1 |a либидо 
610 1 |a эдипов комплекс 
610 1 |a сублимация 
610 1 |a нарциссизм 
686 |a Ю932я73  |v LBC/SL-A  |2 rubbk 
700 1 |a Лейбин  |b В. М.  |g Валерий Моисеевич 
801 1 |a RU  |b 63413507  |c 20020703  |g PSBO 
801 2 |a RU  |b 63413507  |c 20120124  |g PSBO 
942 |c BK